000 01362cad a22002655a 4500
001 E128048
008 000000s2004 xxk s000 0 eng u
020 _a0755942418
035 _a(Sirsi) u128048
041 _aeng
050 0 4 _a306.109411
110 2 _aScottish Executive
_93811
245 0 0 _aHouses in multiple occupation
_ba guide for landlords
_h[electronic resource]
260 _aEdinburgh
_bScottish Executive
_c2004
300 _a27p.
_c30cm.
520 _aIf you let shared accommodation or share your home with people who are not members of your family, it may be a house in multiple occupation (HMO), and you may need a licence. This book will tell you about the licensing system Part 1 will help you to work out whether your property is an HMO, and needs a licence. Part 2 will tell you how to apply and what it involves. Part 3 outlines the kind of standards you will need to meet to get a licence.
650 _aCIVIC GOVERNMENT (SCOTLAND) ACT 1982
650 _aHOUSES IN MULTIPLE OCCUPATION
650 _aLOCAL AUTHORITIES
650 _aMANDATORY LICENSING
651 4 _aScotland
_y1999-
690 _aPROPERTY-RESIDENTIAL PROPERTY-DOMESTIC RESIDENTIAL PROPERTY-HOUSING
856 4 1 _uhttps://www.aberdeencity.gov.uk/web/files/nc_HMO/hmo_landlords.pdf
_zView the booklet free of charge at www.aberdeencity.gov.uk...
942 _n0
999 _c103861
_d103861